مدخل في مبادئ الاقتصاد الكلي / (Record no. 24751)
[ view plain ]
| 000 -الفاتح | |
|---|---|
| حقل البيانات ثابتة الطول | 00725nam a22002055a 4500 |
| 003 - محدد رقم الضبط | |
| رقم الضبط | OSt |
| 005 - وقت وتاريخ اخر تعامل مع التسجيلة | |
| رقم الضبط | 20170430141400.0 |
| 008 - عناصر البيانات ثابتة الطول - معلومات عامة | |
| حقل البيانات ثابتة الطول | 170430s2006 ua fr 000 0 eng d |
| 040 ## - مصدر الفهرسة | |
| وكالة الفهرسة الأصلية | EG-ScBUE |
| لغة الفهرسة | eng |
| وكالة النسخ | EG-ScBUE |
| وكالة التعديل | EG-ScBUE |
| 082 04 - رقم تصنيف ديوى العشرى | |
| رقم الطبعة | 22 |
| رقم التصنيف | 339 |
| رقم المادة | س م ا |
| 100 1# - المدخل الرئيسى - إسم شخصى | |
| الإسم الشخصى | سمان، أحمد حمد الله. |
| 245 10 - بيان العنوان | |
| العنوان | مدخل في مبادئ الاقتصاد الكلي / |
| بيان المسئوليه,etc | أحمد حمد الله السمان. |
| 250 ## - بيان الطبعة | |
| بيان الطبعة | ط. 1. |
| 260 ## - PUBLICATION, DISTRIBUTION, ETC. (IMPRINT) | |
| مكان الناشر او الموزع | [الجيزة] : |
| اسم الناشر او الموزع | جامعة 6 أكتوبر، |
| تاريخ النشر أو التوزيع | 2006. |
| المنتج | (مطبعة العشري) |
| 300 ## - الوصف المادى | |
| التعداد | 227 ص. : |
| تفاصيل ماديه اخرى للوعاء | إيض، |
| أبعاد الوعاء | 24 سم. |
| 650 #7 - المدخل الاضافى بالموضوع-مصطلح موضوعى | |
| مصدر الرأس أو المصطلح | BUEsh |
| مصطلح موضوعي أو اسم جغرافي كعنصر مدخل | الاقتصاد الكلي |
| التقسيم الفرعي الشكلي | مقالات ومحاضرات. |
| 651 ## - المدخل الاضافى بالموضوع - اسم جغرافى | |
| مصدر الرأس أو المصطلح | BUEsh |
| 653 ## - مصطلح تكشيفى غير مقيد | |
| Resource For college | Law |
| Arrived date list | April2017 |
| 942 ## - عناصر المدخل الإضافي( كوها) | |
| مصدر التصنيف او مخطط الترفيف | Dewey Decimal Classification |
| حالة التراجع | حالة الفقد | مصدر التصنيف او خطة الترفيف | حالة تلف | ليس للاعارة | مجموعات كوها | المكان الدائم | المكان الحالي | موقع الترفيف | تاريخ الاكتساب | Source of acquisition | سعر الشراء الطبيعي | تعداد مسلسل / التسلسل الزمني | رقم الاستدعاء | الباركود | Date last seen | التكلفة | نوع الوعاء | مُعار |
|---|---|---|---|---|---|---|---|---|---|---|---|---|---|---|---|---|---|---|
| Dewey Decimal Classification | Scientific_Group | Central Library | Central Library | First floor | 30/04/2017 | Purchase | 15.00 | 666 | 339 س م ا | 000041744 | 15/07/2025 | 18.75 | Book - Borrowing | |||||
| Dewey Decimal Classification | Scientific_Group | Central Library | Central Library | First floor | 30/04/2017 | Purchase | 15.00 | 666 | 339 س م ا | 000041745 | 15/07/2025 | 18.75 | Book - Borrowing | 22/01/2019 | ||||
| Dewey Decimal Classification | Scientific_Group | Central Library | Central Library | First floor | 30/04/2017 | Purchase | 15.00 | 666 | 339 س م ا | 000041747 | 15/07/2025 | 18.75 | Book - Borrowing |